5HLuxD.jpg

KING HENRY VIII SENIOR AND PRIMARY SCHOOL LIBRARY OPAC

Evolution : (Record no. 1193)

000 -LEADER
fixed length control field 02037cam a2200361 a 4500
001 - CONTROL NUMBER
control field 01622066
003 - CONTROL NUMBER IDENTIFIER
control field OSt
005 - DATE AND TIME OF LATEST TRANSACTION
control field 20220808145027.0
008 - FIXED-LENGTH DATA ELEMENTS--GENERAL INFORMATION
fixed length control field 100126s2009 cauab e s001 0 eng d
010 ## - LIBRARY OF CONGRESS CONTROL NUMBER
LC control number 2010275161
015 ## - NATIONAL BIBLIOGRAPHY NUMBER
National bibliography number GBA9B0087
Source bnb
020 ## - INTERNATIONAL STANDARD BOOK NUMBER
International Standard Book Number 0520255119
020 ## - INTERNATIONAL STANDARD BOOK NUMBER
International Standard Book Number 9780520255111
035 ## - SYSTEM CONTROL NUMBER
System control number (OCoLC)ocn456259362
035 ## - SYSTEM CONTROL NUMBER
System control number 2010275161
040 ## - CATALOGING SOURCE
Original cataloging agency ROC
Transcribing agency ROC
Modifying agency YAM
-- IK2
-- YAM
-- OCLCQ
-- UKM
-- FHP
-- MOF
-- UPZ
-- DLC
-- KH8
042 ## - AUTHENTICATION CODE
Authentication code nbic
082 0# - DEWEY DECIMAL CLASSIFICATION NUMBER
Classification number 576.8 PAL
100 1# - MAIN ENTRY--PERSONAL NAME
Personal name Palmer, Douglas.
Relator term Author
245 10 - TITLE STATEMENT
Title Evolution :
Remainder of title the story of life /
Statement of responsibility, etc. Douglas Palmer ; illustrated by Peter Barrett.
260 ## - PUBLICATION, DISTRIBUTION, ETC.
Place of publication, distribution, etc. Berkeley :
Name of publisher, distributor, etc. University of California Press,
Date of publication, distribution, etc. 2009.
300 ## - PHYSICAL DESCRIPTION
Extent 367 p. :
Other physical details col. ill., col. maps ;
Dimensions 30 cm.
500 ## - GENERAL NOTE
General note Includes index.
500 ## - GENERAL NOTE
General note Published in association with the Natural History Museum (London) to commemorate the 200th anniversary of Charles Darwin's birth and the 150th anniversary of his On the origin of species.
500 ## - GENERAL NOTE
General note Twenty p. on folded leaves, unfold to 30 x 50 cm.
505 0# - FORMATTED CONTENTS NOTE
Formatted contents note Introduction. What is evolution? ; Putting life in order -- How to use this book -- The science of evolution. Darwin ; Origin and beyond ; Time and life ; The pattern of life ; What are fossils? ; The variety of fossils ; Reconstructing the past ; Evolution today -- The story of evolution : one hundred illustrated site reconstructions -- The trees of life -- Site gazetteer -- Species listing.
520 ## - SUMMARY, ETC.
Summary, etc. "Evolution" recreates the 3.5 billion-year story of life on Earth in stunning detail through vivid full-color illustrations and graphics, the latest scientific information, and hundreds of photographs--a beautifully detailed panorama of communities from microbes to humankind that have lived on the planet's continents and in its oceans.
650 #0 - SUBJECT ADDED ENTRY--TOPICAL TERM
Topical term or geographic name entry element Evolution (Biology)
Form subdivision Encyclopedias.
650 #0 - SUBJECT ADDED ENTRY--TOPICAL TERM
Topical term or geographic name entry element Evolution (Biology)
Form subdivision Pictorial works.
700 ## - ADDED ENTRY--PERSONAL NAME
Personal name Barrett, Peter
Relator term illustrator
710 2# - ADDED ENTRY--CORPORATE NAME
Corporate name or jurisdiction name as entry element Natural History Museum (London, England)
942 ## - ADDED ENTRY ELEMENTS (KOHA)
Source of classification or shelving scheme
Koha item type Books - Non Ficton
Holdings
Withdrawn status Lost status Source of classification or shelving scheme Damaged status Not for loan Collection code Permanent Location Current Location Shelving location Date acquired Total Checkouts Full call number Barcode Date due Date last seen Date last checked out Price effective from Koha item type
          Non-Fiction KH8 Senior School Library KH8 Senior School Library Non Fiction 2022-08-08 1 576.8 PAL 3KHSL000101923 2025-11-14 2025-11-06 2025-11-06 2022-08-08 Books - Non Ficton

Powered By KH8 IT Dept